000 00317nam a2200097Ia 4500
008 220120s9999||||xx |||||||||||||| ||und||
100 _aAiswarya Poovaiah and others
_912592
245 0 _aArduino in health monitoring
260 _aCoorg Institute of Technology
_bPonnampet
_c2016
650 _aELECTRONICS AND COMMUNICATIONS
999 _c138190
_d138190